[Event "Superettan(Team Malmo-Wasa)"]
[Site "?"]
[Date "2011.03.13"]
[Round "9"]
[White "Magnusson, Roger"]
[Black "Marchand, Erick"]
[Result "1/2-1/2"]
[WhiteElo "2017"]
[BlackElo "2025"]
[PlyCount "37"]

1. d4 d5 2. Nc3 Bf5 3. Bf4 e6 4. e3 Bd6 5. Nf3 Nf6 6. Ne5 Nbd7 7. Bd3 Bxd3 8.
cxd3 O-O 9. O-O Bxe5 10. dxe5 Ne8 11. Rc1 c6 12. Qg4 f5 13. Qe2 g5 14. Bg3 Ng7
15. f4 g4 16. d4 Nb6 17. a4 a5 18. b3 Nd7 19. Rfd1 1/2-1/2

[Event "Superettan(Burgsvik-Horndal)"]
[Site "?"]
[Date "2011.03.13"]
[Round "9"]
[White "Olsson, Krister"]
[Black "Fries Nielsen, Niels J"]
[Result "1/2-1/2"]
[WhiteElo "2279"]
[BlackElo "2410"]
[PlyCount "111"]

1. d4 Nf6 2. c4 c5 3. Nf3 cxd4 4. Nxd4 Nc6 5. Nc3 g6 6. e4 Bg7 7. Be3 O-O 8.
Be2 d6 9. O-O Bd7 10. Qd2 Rc8 11. f3 Qc7 12. Rac1 Qb8 13. Rfd1 Rfe8 14. Bf1 a6
15. Nb3 Ne5 16. c5 Be6 17. cxd6 Bxb3 18. axb3 Red8 19. Nd5 Nxd5 20. Rxc8 Rxc8
21. Qxd5 exd6 22. Qxd6 Qxd6 23. Rxd6 Nc6 24. Bc4 Bxb2 25. Rd7 Ne5 26. Rxb7 Nxc4
27. bxc4 Bc3 28. c5 a5 29. Kf2 a4 30. Ra7 Bb4 31. Rxa4 Bxc5 32. h4 Bxe3+ 33.
Kxe3 Rc7 34. g4 Kg7 35. Ra5 h6 36. h5 Rc3+ 37. Ke2 g5 38. Rd5 Ra3 39. Rd3 Ra2+
40. Ke3 Ra1 41. e5 Re1+ 42. Kd4 f6 43. exf6+ Kxf6 44. Ra3 Re7 45. Ra6+ Kg7 46.
Rg6+ Kh7 47. Rf6 Kg7 48. Rf5 Ra7 49. Rd5 Re7 50. Kc5 Re3 51. Rf5 Rd3 52. f4
gxf4 53. Rxf4 Rd1 54. Ra4 Kf6 55. Ra6+ Kg5 56. Rg6+ 1/2-1/2

[Event "Superettan(Burgsvik-Horndal)"]
[Site "?"]
[Date "2011.03.13"]
[Round "9"]
[White "Berg, Emanuel"]
[Black "Vaarala, Eric"]
[Result "1-0"]
[WhiteElo "2680"]
[BlackElo "2256"]
[PlyCount "53"]

1. e4 c5 2. Nf3 b6 3. Nc3 Bb7 4. d4 cxd4 5. Nxd4 a6 6. g3 e6 7. Bg2 Nc6 8. O-O
Nge7 9. Be3 Ng6 10. Qe2 Be7 11. Nf5 exf5 12. exf5 O-O 13. fxg6 hxg6 14. Rad1
Re8 15. Qd2 Na5 16. Bxb7 Nxb7 17. Nd5 Bc5 18. Bg5 Qb8 19. b4 Bd6 20. Nxb6 Ra7
21. c4 Re6 22. c5 Bf8 23. Nxd7 Qe8 24. Qd5 Be7 25. Bxe7 Qxe7 26. c6 Nd8 27. Nb8
1-0

[Event "Superettan(Burgsvik-Horndal)"]
[Site "?"]
[Date "2011.03.13"]
[Round "9"]
[White "Angskog, Kent"]
[Black "Fries Nielsen, Jens Ove"]
[Result "0-1"]
[WhiteElo "2238"]
[BlackElo "2412"]
[PlyCount "56"]

1. Nf3 f5 2. d3 d5 3. g3 Nc6 4. Bg2 e5 5. c4 Bb4+ 6. Bd2 Bxd2+ 7. Nfxd2 d4 8.
Qa4 Nge7 9. b4 O-O 10. O-O Ng6 11. c5 Kh8 12. Na3 Nce7 13. Nac4 Nd5 14. Rae1 f4
15. Ne4 Bg4 16. b5 Qc8 17. Qb3 Nf6 18. b6 axb6 19. cxb6 c6 20. Ncd6 Qd7 21. a4
Nd5 22. Qa3 h6 23. a5 Bxe2 24. Rxe2 f3 25. Bxf3 Rxf3 26. Nd2 Qh3 27. Nxf3 Ngf4
28. Nf7+ Kg8 0-1

[Event "Superettan(Burgsvik-Horndal)"]
[Site "?"]
[Date "2011.03.13"]
[Round "9"]
[White "Andersson, Bjorn"]
[Black "Rorvall, Goran"]
[Result "0-1"]
[WhiteElo "2320"]
[BlackElo "2197"]
[PlyCount "120"]

1. e4 d6 2. d4 Nf6 3. Nc3 g6 4. h4 c6 5. Be2 Qa5 6. Bf3 h5 7. Bg5 Bg7 8. Qd2
Nbd7 9. O-O-O O-O 10. Kb1 Kh7 11. Nge2 Nb6 12. Rdg1 Nc4 13. Qc1 e5 14. d5 cxd5
15. exd5 Qb4 16. Bxf6 Bxf6 17. Ne4 Be7 18. c3 Qb6 19. g4 hxg4 20. Bxg4 f5 21.
Ng5+ Bxg5 22. hxg5+ Kg7 23. Bh3 Qxf2 24. Rg2 Qe3 25. Qc2 Rh8 26. Rgh2 Qe4 27.
Qxe4 Nd2+ 28. Kc2 Nxe4 29. b4 Nxg5 30. Bg2 Rxh2 31. Rxh2 f4 32. Bh1 Bf5+ 33.
Kd2 Rc8 34. Rf2 Ne4+ 35. Bxe4 Bxe4 36. Nxf4 exf4 37. Rxf4 Bxd5 38. Rd4 Bxa2 39.
Rxd6 Rc7 40. b5 Bc4 41. b6 axb6 42. Rxb6 Rd7+ 43. Ke3 g5 44. Kf3 Ba6 45. Ke4
Rc7 46. Rb3 Kf6 47. Rb6+ Rc6 48. Rb3 Rc4+ 49. Kf3 Kf5 50. Kg3 g4 51. Ra3 Rc5
52. Rb3 b5 53. Ra3 Bc8 54. Rb3 Be6 55. Ra3 Bd5 56. Kf2 Kf4 57. Kg1 g3 58. Kf1
Bf3 59. Ra7 Rxc3 60. Ke1 Rc1+ 0-1

[Event "Superettan(Burgsvik-Horndal)"]
[Site "?"]
[Date "2011.03.13"]
[Round "9"]
[White "Becker, Johnny"]
[Black "Linusson, Pelle"]
[Result "0-1"]
[WhiteElo "2105"]
[BlackElo "2132"]
[PlyCount "110"]

1. Nf3 g6 2. d4 Bg7 3. e4 d6 4. Be2 Nf6 5. Nc3 O-O 6. O-O Bg4 7. Be3 Nc6 8. d5
Bxf3 9. Bxf3 Ne5 10. Be2 c6 11. f3 Qa5 12. Qd2 Rfc8 13. Rfd1 cxd5 14. Nxd5 Qxd2
15. Rxd2 Nxd5 16. exd5 a6 17. Rad1 b5 18. c3 Kf8 19. Bd4 Nd7 20. Bxg7+ Kxg7 21.
Kf2 Nb6 22. Rd4 Rc5 23. R1d2 Rb8 24. f4 Kf6 25. Kf3 h6 26. g3 Rg8 27. h3 Rb8
28. Kf2 Na4 29. Bd1 Nb6 30. Be2 Rc7 31. Kf3 Nd7 32. a4 Nc5 33. Bd1 bxa4 34.
Bxa4 Rcb7 35. b3 Nxb3 36. Bxb3 Rxb3 37. Rc4 a5 38. Ra2 R8b5 39. Ke4 Rb1 40. Rd4
Rc5 41. Ra3 Re1+ 42. Kf3 Rc1 43. Rd3 h5 44. Ke4 Re1+ 45. Kf3 Rc1 46. Ke4 Rh1
47. g4 Rc4+ 48. Rd4 Rxd4+ 49. cxd4 hxg4 50. hxg4 g5 51. fxg5+ Kxg5 52. Rxa5
Kxg4 53. Ke3 Re1+ 54. Kf2 Re4 55. Ra7 f5 0-1

[Event "Superettan(Burgsvik-Horndal)"]
[Site "?"]
[Date "2011.03.13"]
[Round "9"]
[White "Krupenski, Juri"]
[Black "Bengts, Torleif"]
[Result "1-0"]
[WhiteElo "2257"]
[BlackElo "2176"]
[PlyCount "61"]

1. e4 e5 2. Nf3 d5 3. exd5 Bd6 4. Nc3 Nf6 5. d3 h6 6. g3 O-O 7. Bg2 a6 8. O-O
b5 9. d4 e4 10. Ne5 Bf5 11. Re1 Bb4 12. g4 Bh7 13. f3 Bxc3 14. bxc3 Nxd5 15.
Ba3 Re8 16. fxe4 Nxc3 17. Qd3 Nd5 18. Qb3 Nf6 19. Qxf7+ Kh8 20. Rad1 a5 21. Qb3
Bg8 22. Qxb5 c6 23. Ng6+ Kh7 24. Qf5 Qc8 25. Qxc8 Rxc8 26. Ne7 Re8 27. Nxg8
Kxg8 28. h3 Nbd7 29. e5 Nd5 30. c4 Nc3 31. Rd3 1-0

[Event "Superettan(Burgsvik-Horndal)"]
[Site "?"]
[Date "2011.03.13"]
[Round "9"]
[White "Wiker, Bo"]
[Black "Fraenkel, Mikael"]
[Result "0-1"]
[WhiteElo "2091"]
[BlackElo "2072"]
[PlyCount "38"]

1. e4 c5 2. Nf3 Nc6 3. d4 cxd4 4. Nxd4 g6 5. Nc3 Bg7 6. Be3 Nf6 7. Be2 O-O 8.
Nb3 d6 9. O-O Qc7 10. f4 Nd7 11. Qe1 b6 12. Qh4 Re8 13. Rad1 Nf8 14. Nd5 Qb7
15. Nd4 Nxd4 16. Bxd4 Be6 17. Bb5 Bxd5 18. exd5 Qxd5 19. c4 Bxd4+ 0-1

[Event "Superettan(Burgsvik-Horndal)"]
[Site "?"]
[Date "2011.03.13"]
[Round "9"]
[White "Akerman, Axel"]
[Black "Eriksson, Magnus"]
[Result "1-0"]
[WhiteElo "2108"]
[BlackElo "2101"]
[PlyCount "73"]

1. e4 e6 2. d4 d5 3. Nc3 Bb4 4. e5 c5 5. a3 Ba5 6. b4 cxd4 7. Qg4 Ne7 8. Nb5
Bc7 9. f4 Nf5 10. Bd3 a6 11. Bxf5 Kf8 12. Bd3 axb5 13. Ne2 Nc6 14. Bb2 Bd7 15.
O-O h5 16. Qg3 Rh6 17. Kh1 f5 18. Nxd4 Nxd4 19. Bxd4 Kf7 20. Qe3 Rh8 21. Qe2
Qe8 22. Rf3 Ra4 23. Re3 g6 24. g3 Bc6 25. Kg1 Qd7 26. Qf1 Rha8 27. Be2 Kg7 28.
h3 Rg8 29. Rc3 Kf7 30. g4 hxg4 31. hxg4 Rh8 32. Rh3 Rg8 33. Kf2 Raa8 34. gxf5
gxf5 35. Rh7+ Rg7 36. Rxg7+ Kxg7 37. Qh3 1-0

[Event "Superettan(Lulea-Mark)"]
[Site "?"]
[Date "2011.03.13"]
[Round "9"]
[White "Sixtensson, Mikael"]
[Black "Larsson, Anders"]
[Result "1/2-1/2"]
[WhiteElo "2256"]
[BlackElo "2348"]
[PlyCount "85"]

1. Nf3 d6 2. d4 Bg4 3. e3 Nf6 4. b3 Nbd7 5. Be2 e6 6. Bb2 Be7 7. O-O O-O 8. c4
d5 9. Nc3 c6 10. Qc2 Rc8 11. e4 dxe4 12. Nxe4 Qc7 13. Rad1 Rfd8 14. Rfe1 Nxe4
15. Qxe4 Bf5 16. Qe3 Bf6 17. Bd3 Bxd3 18. Rxd3 Nf8 19. Red1 Ng6 20. g3 a6 21.
Kg2 Rd7 22. h4 h6 23. Qd2 Rcd8 24. h5 Ne7 25. d5 cxd5 26. Bxf6 gxf6 27. Qxh6
dxc4 28. Rxd7 Rxd7 29. Rxd7 Qxd7 30. Qxf6 Nf5 31. Qg5+ Kh7 32. bxc4 Qc6 33. Qf6
Kg8 34. h6 Kh7 35. Qxf7+ Kxh6 36. Qf6+ Kh7 37. g4 Qe4 38. gxf5 Qg4+ 39. Kf1
Qxc4+ 40. Ke1 Qe4+ 41. Kd2 Qf4+ 42. Ke2 Qe4+ 43. Kf1 1/2-1/2

[Event "Superettan(Lulea-Mark)"]
[Site "?"]
[Date "2011.03.13"]
[Round "9"]
[White "Marklund, Niklas"]
[Black "Oskarsson, Bo-Lennart"]
[Result "1/2-1/2"]
[WhiteElo "2240"]
[BlackElo "2217"]
[PlyCount "80"]
[EventDate "2011.??.??"]

1. d4 f5 2. Nc3 d5 3. Bf4 c6 4. e3 e6 5. Bd3 Qa5 6. a3 Nf6 7. Nf3 Nbd7 8. O-O
Be7 9. Ne2 b5 10. b3 Nh5 11. Bg5 Bd6 12. Nf4 Nxf4 13. Bxf4 Qc7 14. Qd2 O-O 15.
Qc3 Rb8 16. Bxd6 Qxd6 17. Qb4 Qxb4 18. axb4 a6 19. Rfe1 h6 20. h4 g6 21. Kf1
Kf7 22. Ne5+ Nxe5 23. dxe5 g5 24. Ke2 g4 25. Kd2 Ke7 26. Kc3 Kd7 27. Kd4 Kc7
28. Kc5 Bb7 29. g3 Rbd8 30. Kd4 Kb6 31. Be2 Rc8 32. c3 Rc7 33. Rec1 Rfc8 34.
Rc2 c5+ 35. bxc5+ Rxc5 36. b4 R5c7 37. Ra3 Ra8 38. Ra1 Rac8 39. Ra3 Ra8 40. Ra1
Rac8 1/2-1/2

[Event "Superettan(Lulea-Mark)"]
[Site "?"]
[Date "2011.03.13"]
[Round "9"]
[White "Forsberg, Timmy"]
[Black "Engstrom, Kaj"]
[Result "1-0"]
[WhiteElo "2183"]
[BlackElo "2289"]
[PlyCount "103"]

1. d4 d5 2. c4 c6 3. Nc3 Nf6 4. e3 a6 5. b3 Bf5 6. Bd3 e6 7. Bxf5 exf5 8. cxd5
Bb4 9. Bd2 cxd5 10. Nge2 O-O 11. O-O Nc6 12. Na4 Bd6 13. Nf4 Bxf4 14. exf4 Nxd4
15. Bb4 Ne6 16. Bxf8 Kxf8 17. g3 b5 18. Nb2 d4 19. Qc2 g6 20. Rac1 Qd5 21. Qc6
Qd8 22. Rfd1 Kg7 23. Nd3 Ra7 24. Nc5 Nf8 25. b4 Re7 26. Re1 Ne4 27. Nxe4 fxe4
28. Rxe4 Ne6 29. Qxa6 d3 30. Qxb5 d2 31. Rd1 Rd7 32. Qe5+ Kg8 33. Qc3 Rd3 34.
Qc2 Rd7 35. Qc3 Rd3 36. Qc2 Rd7 37. Qb2 h5 38. Qc2 h4 39. Rxe6 fxe6 40. Qxg6+
Kf8 41. Qh6+ Kg8 42. Qg5+ Qxg5 43. fxg5 h3 44. f4 Rd4 45. Kf2 Rxb4 46. Rxd2 Kf7
47. Kf3 Ra4 48. Kg4 e5 49. Kxh3 exf4 50. Rf2 Kg6 51. gxf4 Kf5 52. Kg2 1-0

[Event "Superettan(Lulea-Mark)"]
[Site "?"]
[Date "2011.03.13"]
[Round "9"]
[White "Marcussen, Arno"]
[Black "Svensson, Leif"]
[Result "1-0"]
[WhiteElo "2109"]
[BlackElo "2160"]
[PlyCount "79"]

1. c4 Nf6 2. g3 c5 3. Bg2 Nc6 4. Nc3 e6 5. d3 d5 6. Bg5 d4 7. Ne4 Qa5+ 8. Bd2
Qd8 9. Nxf6+ Qxf6 10. Nf3 e5 11. O-O h6 12. Ne1 Be7 13. Nc2 O-O 14. Rb1 Rb8 15.
b4 cxb4 16. Nxb4 Nxb4 17. Bxb4 Bxb4 18. Rxb4 Qd6 19. Rb2 b6 20. Qa4 a5 21. Qc6
Qa3 22. Rfb1 Be6 23. Qc7 Rfe8 24. Bc6 Rbc8 25. Qxb6 Red8 26. Bb7 Rb8 27. Qb3
Qd6 28. Qb6 Qa3 29. Qb3 Qd6 30. Qa4 Qc7 31. Qc6 Qe7 32. Qb5 Bc8 33. Qxa5 Rd7
34. Bd5 Rxb2 35. Rxb2 Ra7 36. Qb4 Qg5 37. Qb8 Kh7 38. Qxa7 Qc1+ 39. Kg2 Qxb2
40. Qxf7 1-0